The principles of psychology / (Record no. 25557)

MARC details
000 -LEADER
fixed length control field 00557nam a2200205Ia 4500
008 - FIXED-LENGTH DATA ELEMENTS--GENERAL INFORMATION
fixed length control field 210303s9999 xx 000 0 und d
016 ## - NATIONAL BIBLIOGRAPHIC AGENCY CONTROL NUMBER
Source reto2022b
040 ## - CATALOGING SOURCE
Original cataloging agency NLN
Language of cataloging English
100 ## - MAIN ENTRY--AUTHOR
Author JAMES, William
Dates associated with a name 1842-1910
Relator term aut
245 #4 - TITLE STATEMENT
Title The principles of psychology /
Statement of responsibility, etc William James
250 ## - EDITION STATEMENT
Edition statement Authorized edition
260 ## - PUBLICATION, DISTRIBUTION, ETC. (IMPRINT)
Place of publication New York :
Name of publisher Dover Publications,
Date of publication 1950
300 ## - COLLATION
Pagination [?]p.
Other physical details illus., ; 22cm.
563 ## - BINDING INFORMATION
Binding note (pbk)
650 ## - TRACINGS
Main Subject Psychology
942 ## - ADDED ENTRY ELEMENTS (KOHA)
Item type Books
050 ## - LIBRARY OF CONGRESS CALL NUMBER
Classification number BF121
Item number .J2
082 ## - DEWEY DECIMAL CLASSIFICATION NUMBER
Classification number 150
Holdings
Withdrawn status Lost status Source of classification or shelving scheme Damaged status Not for loan Home library Current library Date acquired Total Checkouts Full call number Barcode. Date last seen Price effective from Koha item type
    Library of Congress Classification     LAGOS BRANCH National Library of Nigeria 04/03/2021   BF121 .J2 2025-454280 04/03/2021 04/03/2021 Books

National Library of Nigeria OPAC is powered by Koha